000 00554nam a2200229Ia 4500
003 OSt
005 20221005124029.0
006 a|||||r|||| 00| 0
007 ta
008 221004b |||||||| |||| 00| 0 eng d
024 _a59656
037 _cTextual
040 _aCRL
_cCRL
_beng
041 _2eng
_aeng
082 _aO111,3N06,1, 33K5
100 _aNarayan
245 0 _aMargadarshi
260 _c1965
650 _aENGLISH LITERATURE
942 _hO111,3N06,1, 33K5
_cTEXL
_2cc
999 _c1049238
_d1049238